000 00613nam a2200217Ia 4500
003 GCL
008 140319s9999 xx 000 0 ara d
040 _aGCL /
_cGCL
082 0 4 _a808.3
_bم ف
245 1 0 _aفن القصة
300 _a157 ص
490 _aالهيئة العامة للاستعلامات
_v0
650 0 4 _aالادب العربى
650 0 4 _aالقصص العربية
650 0 4 _aالادب
650 0 4 _aالقصص
650 0 4 _aالادب - مجموعات
650 0 4 _aالقصص العربية - تاريخ ونقد
650 0 4 _aمحمد يوسف نجم
942 _2ddc
_cBK
999 _c48136
_d48136